书目信息 |
| 题名: |
草地生态与管理利用
|
|
| 作者: | 王德利 , 杨利民 主编 | |
| 分册: | ||
| 出版信息: | 北京 化学工业出版社 2004 |
|
| 页数: | 407页 | |
| 开本: | 20cm | |
| 丛书名: | 环境科学与政策丛书 | |
| 单 册: | ||
| 中图分类: | S812.3 | |
| 科图分类: | ||
| 主题词: | 草地--生态系统 , 草地 , 生态系统 | |
| 电子资源: | ||
| ISBN: | 7-5025-5675-3 | |
| 000 | 01081oam2 2200313 450 | |
| 001 | 002724846 | |
| 005 | 20070805110934.42 | |
| 010 | @a7-5025-5675-3@dCNY38.00 | |
| 035 | @a002724846 | |
| 100 | @a20040802d2004 em y0chiy0110 ea | |
| 101 | 0 | @achi |
| 102 | @aCN@b110000 | |
| 105 | @aa z 000yy | |
| 106 | @ar | |
| 200 | 1 | @a草地生态与管理利用@Acao di sheng tai yu guan li li yong@f王德利,杨利民编著@Fwang de li, yang li min bian zhu |
| 210 | @a北京@c化学工业出版社@d2004 | |
| 215 | @a407页@c图@d20cm | |
| 225 | 2 | @a环境科学与政策丛书@Ahuan jing ke xue yu zheng ce cong shu |
| 304 | @a中国人民大学环境学院组织编写 | |
| 330 | @a本书主要从生态的观点分析与阐述草地问题,涉及草地的理论方面,并阐述草地的放牧与割草制度、退化草地生态系统的恢复等管理技术内容。 | |
| 461 | 0 | @1001002724829@12001 @a环境科学与政策丛书 |
| 606 | 0 | @a草地@x生态系统 |
| 606 | 0 | @a草地 |
| 606 | 0 | @a生态系统 |
| 690 | @aS812.3@v4 | |
| 701 | 0 | @a王德利@Awang de li@f(1963~)@4主编 |
| 701 | 0 | @a杨利民@Ayang li min@c(生态学)@4主编 |
| 801 | 0 | @aCN@bNLC@c20070805 |
| 905 | @dS812.3@e70@f5 | |
| 草地生态与管理利用/王德利,杨利民编著.-北京:化学工业出版社,2004 |
| 407页:图;20cm.-(环境科学与政策丛书) |
| ISBN 7-5025-5675-3:CNY38.00 |
| 本书主要从生态的观点分析与阐述草地问题,涉及草地的理论方面,并阐述草地的放牧与割草制度、退化草地生态系统的恢复等管理技术内容。 |
| ● |
| 相关链接 |
|
|
|
|
正题名:草地生态与管理利用
索取号:S812.3/70
 
预约/预借
| 序号 | 登录号 | 条形码 | 馆藏地/架位号 | 状态 | 备注 |
| 1 | 0850814 | 208508140 | 第二样本阅览室/ [索取号:S812.3/70] | 在馆 | |
| 2 | 0850815 | 208508159 | 第三借阅区/ [索取号:S812.3/70] | 在馆 | |
| 3 | 0850816 | 208508168 | 第三借阅区/ [索取号:S812.3/70] | 在馆 | |
| 4 | 0850817 | 208508177 | 第三借阅区/ [索取号:S812.3/70] | 在馆 | |
| 5 | 0850818 | 208508186 | 第三借阅区/ [索取号:S812.3/70] | 在馆 |